00536 2200181 4500001002100000008004100021035002000062245010900082100004300191250000600234260004200240300001200282084001400294082000800308650001400316990001200330990001200342INLIS000000000000595 ind  a0010-0424000571 aLangkah Sukses Menuju Olimpiade Ekonomi ( Teori & Soal Latihan )cLembaga Olimpiade Pendidikan Indonesia aLembaga Olimpiade Pendidikan Indonesia a1 aJakarta :bBina Prestasi Insanic2014 a341 hlm a330 LEM l a330 aNon Fiksi a0722397 a0720646